Breve historia del imperio romano. Narrada por un jurista

Salvato in:
Dettagli Bibliografici
Autore principale: Pacchioni, Giovanni (autor)
Natura: Libro
Pubblicazione: Madrid, España: Revista de Derecho Privado, 1944.
Serie:Serie A.- Estudios Jurídicos Varios,
Soggetti:
Tags: Aggiungi Tag
Nessun Tag, puoi essere il primo ad aggiungerne!!

MARC

LEADER 00000nam a22000007a 4500
003 CL-VaPUC
005 20220822114537.0
008 220704t1944 ||||| |||| 00| 0 eng d
999 |c 436618  |d 436616 
040 |c Pontificia Universidad Católica de Valparaíso 
082 |2 22  |a 937.06 PAC 1944 
100 1 |a Pacchioni, Giovanni  |e autor  |9 872071 
245 |a Breve historia del imperio romano.  |b  Narrada por un jurista 
260 |a Madrid, España:  |b Revista de Derecho Privado,  |c 1944. 
300 |a 369 páginas. 
440 |a Serie A.- Estudios Jurídicos Varios,  |n  XXIV  |9 872081 
500 |a c.1 Donación Familia Prof. Alejandro Guzmán Brito. 
583 |c 20220704  |k Carolina Mena Serrano 
650 |a Historia de Roma  |x Imperio romano  |9 872072 
942 |2 ddc  |c BK  |n 0 
952 |0 0  |1 0  |2 ddc  |4 0  |6 937_060000000000000_PAC_1944  |7 0  |8 C_AGB  |9 584296  |a BIBDER  |b BIBDER  |d 2022-07-04  |e Donación  |i 5652141  |o 937.06 PAC 1944  |p 5652141  |r 2023-01-25  |t 1  |w 2022-07-04  |y BK_US  |k AGB